000 00767nam2a2200229 4500
001 rc\2826754
005 20260315044727.0
035 _a(NLR Aleph) 006984894
090 _a13570097
_c13570097
100 _a20110624d1930 u y0rusy50 ca
101 0 _arus
102 _aRU
105 _ay z |||||
200 1 _aДорожные машины
210 _d1930
461 0 _1001rc\2826746
_12001#$aˆ"‰За рулем, библиотека"$eВып. 1-$vВып. 12
_95569024
_cМосква
_d1930
_nАкционер. изд. о-во "Огонек"
_oВып. 1-
_tˆ"‰За рулем, библиотека"
_vВып. 12
700 1 _aЯрошев
_bД.
801 0 _aRU
_bNLR
_gpsbo
801 1 _aRU
_bELAR
_2rusmarc
852 _aNLR
_j30.15/73
942 _cUNSPEC
980 _aNB